000 00501nam a2200169Ia 4500
003 OSt
005 20201209135355.0
008 190216s9999||||xx |||||||||||||| ||und||
040 _coclc
082 _a894.8124
_bKHA/T
100 _aKhader, Vakkom Abdul
_96984
245 0 _aThejaswikal /
_cVakkom Abdul Khader
260 _bCalicut University Publications,
_aCalicut:
_c1998.
300 _a104p
650 _aLekhanam
942 _cBK
_2ddc
_h894.8124
_iKHA/T
_k894.8124
_mKHA/T
999 _c27805
_d27805